<?xml version="1.0" encoding="UTF-8"?>
<collection xmlns="http://www.loc.gov/MARC21/slim">
  <record>
    <leader>00000nam  2200000   4500</leader>
    <controlfield tag="001">INLIS000000000000255</controlfield>
    <controlfield tag="005">20190614104318</controlfield>
    <datafield tag="035" ind1="#" ind2="#">
      <subfield code="a">0010-0718000255</subfield>
    </datafield>
    <controlfield tag="008">190614################g##########0#ind##</controlfield>
    <datafield tag="020" ind1="#" ind2="#">
      <subfield code="a">9789797098360</subfield>
    </datafield>
    <datafield tag="041" ind1=" " ind2=" ">
      <subfield code="a">id</subfield>
    </datafield>
    <datafield tag="082" ind1="#" ind2="#">
      <subfield code="a">270.6.</subfield>
    </datafield>
    <datafield tag="090" ind1=" " ind2=" ">
      <subfield code="a">270.6.Bud.r</subfield>
    </datafield>
    <datafield tag="100" ind1=" " ind2="#">
      <subfield code="a">Budihardjo, Eko</subfield>
    </datafield>
    <datafield tag="245" ind1="1" ind2="#">
      <subfield code="a">Reformasi Perkotaan.Mencegah Wilayah Urban Menjadi Human Zoo /</subfield>
      <subfield code="c">Eko Budihardjo</subfield>
    </datafield>
    <datafield tag="260" ind1="#" ind2="#">
      <subfield code="a">Jakarta :</subfield>
      <subfield code="b">Kompas Media,</subfield>
      <subfield code="c">2014</subfield>
    </datafield>
    <datafield tag="300" ind1="#" ind2="#">
      <subfield code="a">viii, hlm. 212, :</subfield>
      <subfield code="b">ilus ;</subfield>
      <subfield code="c">21 cm</subfield>
    </datafield>
    <datafield tag="650" ind1=" " ind2="#">
      <subfield code="a">Reformasi</subfield>
    </datafield>
    <datafield tag="084" ind1="#" ind2="#">
      <subfield code="a">270.6. Bud r</subfield>
    </datafield>
    <datafield tag="502" ind1="#" ind2="#">
      <subfield code="a">Potret buram kota-kota Indonesia di era ferormasi dan gagasan penanggulangannya. Aneka masalah perkotaan yang laten dan nyaris universal diurai dengan gaya menawan. Ada metripolis yang dipelesetkan menjadi 'miseropolis' atau 'metropolitcs'; sementara megapolis dikecam sebagai 'megapolost'. Menurut Prof. Eko Budihardjo, seharusnya kota-kota kita dapat benar-benar berfungsi sebagai magnet harapan kedamaian, kebahagiaan, dan kesejahteraan; bukan jadi sumber malapetaka dan penderitaan warganya.&#13;
Buku yang diperlukan para kepala daerah yang tidak memiliki latar belakang atau pengalaman di bidang manajemen perkotaan. Juga perlu dibaca oleh para penentu kebijakan perkotaan, wakil rakyat, arsitek, planolog, serta dosen dan mahasiswa dari berbagai disiplin ilmu.</subfield>
    </datafield>
    <datafield tag="856" ind1="#" ind2="#">
      <subfield code="a">Perpustakaan Lembaga Administrasi Negara</subfield>
    </datafield>
    <datafield tag="990" ind1="#" ind2="#">
      <subfield code="a">18.348</subfield>
    </datafield>
    <datafield tag="990" ind1="#" ind2="#">
      <subfield code="a">18347</subfield>
    </datafield>
    <datafield tag="990" ind1="#" ind2="#">
      <subfield code="a">160518347</subfield>
    </datafield>
    <datafield tag="990" ind1="#" ind2="#">
      <subfield code="a">18.348</subfield>
    </datafield>
  </record>
</collection>
